LEADER 01298nam a2200253 u 4500 001 000000114532 003 CaOOAMICUS 005 20090210151717.0 008 090210s2006 it u000 u ita r 040 $aPUL$bita$dLDB 100 1 $aMachiavelli, Niccolò,$d1469-1527.$0(OLS)http://pul/name/12514 245 10$aOpere /$cNiccolò Machiavelli ; a cura di Mario Bonfantini. 260 $aRoma :$bIstituto della Enciclopedia Italiana fondata da Giovanni Treccani,$cc2006. 300 $axxxvii, 1157 p. ;$c22 cm 490 1 $aLa Letteratura italiana (Ricciardi).$aStoria e testi ;$v29 500 $aRistampa dell'edizione Ricciardi. 700 1 $aBonfantini, Mario.$0(OLS)http://pul/name/16437 700 1 $aMachiavelli, Niccolò,$d1469-1527.$tOpere.$0(OLS)http://pul/nameTitle/844$0(OLS)http://pul/name/12514$0(OLS)http://pul/title/5258 830 3$aLa Letteratura italiana (Ricciardi).$pStoria e testi ;$v29.$0(OLS)http://pul/title/8446 850 $aPUL 852 $aPUL$W1$xSL Cons. Gen., Altre Classi 3$y75$m850 ENC 1.29$j130903$qDDC 21$B129945$CPULBib$Z2$F129945 $H109529 $82 941 1 $a9 996 $6245$aOpere$9(OLS)http://pul/title/9199 996 $6260$aRoma :$bIstituto della Enciclopedia Italiana fondata da Giovanni Treccani$9(OLS)http://pul/publisher/50662 LEADER 02181nam a2200361 a 4500 001 000000122617 003 CaOOAMICUS 005 20100819085043.0 008 100819t2010 it d u000 u ita r 040 $aPUL$bita$dReb 041 1 $aita$hger 082 04$a180 100 1 $aEinstein, Albert,$d1879-1955.$0(OLS)http://pul/name/67 245 10$aEinstein. 260 $aMilano :$bMondadori,$c©2010. 300 $a592 p. ;$c18 cm. 490 1 $aI classici collezione del pensiero ;$v119 504 $aInclude riferimenti bibliografici ed indice. 505 0 $aCronologia di Einstein ; Relatività: esposizione divulgativa e scritti di Descartes, Newton, Lobacevskij, Riemann, Helmholtz, Maxwell, Poincaré, Einstein su geometria fisica / a cura di Bruno Cermignani ; L'evoluzione della fisica : sviluppo delle idee dai concetti iniziali alla relatività e ai quanti / prefazione di Carlo Castagnoli. 650 4$aRelatività (fisica).$0(OLS)http://pul/subject/23136 700 1 $aCermignani, Bruno.$0(OLS)http://pul/name/70755 700 1 $aCastagnoli, Carlo.$0(OLS)http://pul/name/77007 740 02$aRelatività: esposizione divulgativa e scritti di Descartes, Newton, Lobacevskij, Riemann, Helmholtz, Maxwell, Poincaré, Einstein su geometria fisica. 740 22$aL'evoluzione della fisica : sviluppo delle idee dai concetti iniziali alla relatività e ai quanti. 830 2$aI classici del pensiero (Mondadori) ;$v119.$0(OLS)http://pul/title/140256 850 $aPUL 852 $aPUL$W1$xSL Filosofia 3$y81$m180 COLL 1.119$j140841$qDDC 21$B139921$CPULBib$Z2$F139921 $H114722 $82 941 1 $a9 996 $6082$a180$9(OLS)http://pul/classification/366 996 $6740$aL'evoluzione della fisica : sviluppo delle idee dai concetti iniziali alla relatività e ai quanti$9(OLS)http://pul/title/154536 996 $6740$aRelatività: esposizione divulgativa e scritti di Descartes, Newton, Lobacevskij, Riemann, Helmholtz, Maxwell, Poincaré, Einstein su geometria fisica$9(OLS)http://pul/title/154535 996 $6245$aEinstein$9(OLS)http://pul/title/154534 996 $6260$aMilano :$bMondadori$9(OLS)http://pul/publisher/50297